00497nam a2200181Ia 4500003000900000008004100009020002200050040001600072080001500088100001800103245004800121260003100169300001600200490004300216650001200259650002200271650002200293IN-BaIIA211028s9999 xx 000 0 eng d a978-3-642-45383-0 cIIA Library a524.3bSRI aSrinivasan, G 0aLife and death of the starscG. Srinivasan  aHeidelbergbSpringerc2014 axvii, 225p. aUndergraduate lecture notes in physics aPhysics aStars - evolution aStars - formation